|
|
|
|
| LEADER |
00000nab a2200000 a 4500 |
| 001 |
vtls000081051 |
| 003 |
SK-MaSNL |
| 005 |
20260304075328.0 |
| 008 |
250423c1981 xo 0 slo |
| 015 |
|
|
|a SNBRB19rr/mm-uuuuu
|
| 035 |
|
|
|a CL0091152
|
| 035 |
|
|
|a urn:nbn:sk:snk-ab2vck
|
| 035 |
|
|
|a (urnnbn)urn:nbn:sk:snk:ar-a02zvl
|
| 035 |
|
|
|a (uuid)422df84c-9446-4df5-affd-7c8b01a86949
|
| 040 |
|
|
|a SNKBUCL
|b slo
|c SNKBUCL
|e AACR2
|
| 041 |
0 |
|
|a slo
|
| 044 |
|
|
|a xo
|c SK
|
| 080 |
|
|
|a 796.51
|2 1981
|
| 080 |
|
|
|a (234.372)
|2 2001
|
| 100 |
1 |
|
|a Vričan, Jozef
|4 aut
|9 376732
|
| 245 |
1 |
0 |
|a Hrebeňom vysokých Javorníkov
|b Zima na pomedzí Moravy a Slovenska
|c Jozef Vričan
|
| 300 |
|
|
|b Obr. 6.
|
| 650 |
0 |
7 |
|a turistika
|2 snkbucl
|9 683
|
| 650 |
0 |
7 |
|a turistické trasy
|2 snkbucl
|9 72845
|
| 651 |
|
7 |
|a Javorníky (Česko a Slovensko : pohorie)
|2 SNKPH
|9 24789
|
| 655 |
|
7 |
|a články z novín a časopisov
|2 snkbucl
|9 267496
|
| 773 |
0 |
|
|t Krásy Slovenska
|g Roč. 58, č. 1 (1981), s. 30-33
|
| 850 |
|
|
|a Slovenská národná knižnica
|
| 852 |
|
|
|a Slovenská národná knižnica
|
| 954 |
|
|
|a odborná, vedecká literatúra pôvodná (slovenská)
|2 lita
|
| 958 |
|
|
|a article27
|
| 958 |
|
|
|a OND
|
| 958 |
|
|
|a RK
|
| 958 |
|
|
|a EUIPO
|
| 992 |
|
|
|a RBX
|
| 999 |
|
|
|c 2780821
|d 2782751
|